000 00958nam a22002417a 4500
008 240605b mp ||||| |||| 00| 0 mon d
020 _a978-99973-1-860-2
035 _a29053
040 _aDA0445040
_bmon
_cMN-UlNLM
_dMN-UlNLM
_erda
041 _amon
042 _a60967
084 _221
_a808.899282334
_bВ.679
100 _aВиллиамс Д.
245 0 _aТэрбумтан хүү
264 _aУБ
_bМонсудар хэвлэлийн газар
_c2020
300 _a300 х.
336 _2rdacontent
_atext
_btxt
337 _2rdamedia
_aunmediated
_bn
338 _2rdacarrier
_avolume
_bnc
650 _aЖоёыг жаргалтай болгох маш олон зүйл бий. Түүнд хувийн кино театр, боулингийн газар, бүр орангутан сармагчин хүртэл байдаг. Тэр ...
942 _210-t
_cBK
999 _c764745
_d764802